| 000 | 00346nam a2200133 a 4500 | ||
|---|---|---|---|
| 001 | 000031190 | ||
| 005 | 20200930062748.0 | ||
| 008 | 110614s1911 dr 000 0 spa d | ||
| 040 |
_aDO-SdBNP _bspa _cBNPHU |
||
| 245 | 0 | 0 | _aLágrimas. |
| 260 |
_aSanto Domingo : _bImprenta Moderna de J. Gneco, _c1911. |
||
| 300 |
_a39 p. ; _c18 cm. |
||
| 049 | _aBNPD | ||
| 999 |
_c30682 _d30682 |
||